[Event "38th Reykjavik op"]
[Site "Reykjavik ISL"]
[Date "2025.04.09"]
[Round "1.97"]
[White "Pipiras, Filipa Fortuna"]
[Black "Woods, Yannick"]
[WhiteElo "2195"]
[BlackElo "1979"]
[Result "0-1"]
[EventDate "2025.04.09"]
[PlyCount "114"]

1. d4 d5 2. c4 dxc4 3. e3 e5 4. Bxc4 Nc6 5. Qb3 Qd7 6. Nf3 Na5 7. Qc2 Nxc4 8. Qxc4
exd4 9. O-O dxe3 10. Bxe3 Bd6 11. Bd4 Ne7 12. Bxg7 Rg8 13. Be5 Bxe5 14. Nxe5 Qd5
15. Qxd5 Nxd5 16. Re1 Be6 17. Nc3 Nxc3 18. bxc3 O-O-O 19. g3 Rd2 20. a4 Rgd8 21.
Nf3 R2d3 22. Nd4 Bd7 23. Re7 c5 24. Ne2 Bc6 25. f4 Re8 26. Rxe8+ Bxe8 27. Kf2 f5
28. Ra2 a5 29. h3 h5 30. Rc2 b6 31. Ra2 Kb7 32. Ra1 Bc6 33. Ra2 Bd5 34. Rb2 Rd1 35.
Ke3 Ra1 36. g4 hxg4 37. hxg4 fxg4 38. f5 Rf1 39. f6 Rf3+ 40. Kd2 Rxf6 41. Rb1 Bc4
42. Ng1 g3 43. Re1 Rf2+ 44. Ke3 Rc2 45. Kf4 Rxc3 46. Re7+ Ka6 47. Nf3 g2 48. Rg7
Bb3 49. Ne5 Rc2 50. Nc6 Bxa4 51. Nb8+ Kb5 52. Nd7 Rd2 53. Ne5 Bb3 54. Ke3 Rb2 55.
Rg6 Bd5 56. Nd7 Bc6 57. Ne5 Rb1  0-1

[Event "38th Reykjavik op"]
[Site "Reykjavik ISL"]
[Date "2025.04.09"]
[Round "1.98"]
[White "Heidarsson, Mikael Bjarki"]
[Black "Shafer, Logan C"]
[WhiteElo "1973"]
[BlackElo "2193"]
[Result "0-1"]
[EventDate "2025.04.09"]
[PlyCount "63"]

1. d4 Nf6 2. c4 e6 3. g3 d5 4. Bg2 Bb4+ 5. Nd2 O-O 6. Nf3 dxc4 7. Qc2 a5 8. a3 Be7
9. Nxc4 b5 10. Ng5 Ra6 11. Ne5 Qxd4 12. Nexf7 Qc5 13. Qxc5 Bxc5 14. Ne5 Bd6 15. Bf4
h6 16. Ng6 hxg5 17. Bxd6 Rxd6 18. Nxf8 Kxf8 19. Rc1 c6 20. Rc5 Nd5 21. e4 Nd7 22.
Rc2 N5b6 23. h4 g4 24. h5 Ne5 25. h6 gxh6 26. Rxh6 Kg7 27. Rh5 Nbc4 28. Rg5+ Kf7
29. Rh5 Nxb2 30. Rh7+ Kg6 31. Rh8 Bd7 32. Rd8  0-1

[Event "38th Reykjavik op"]
[Site "Reykjavik ISL"]
[Date "2025.04.09"]
[Round "1.99"]
[White "Eedle, Eric F"]
[Black "Martin, Nils"]
[WhiteElo "1972"]
[BlackElo "2181"]
[Result "1/2-1/2"]
[EventDate "2025.04.09"]
[PlyCount "129"]

1. d4 d5 2. c4 c6 3. cxd5 cxd5 4. Bf4 Nf6 5. e3 Nc6 6. Nc3 a6 7. Be2 Bf5 8. Nf3 h6
9. O-O e6 10. Qb3 Ra7 11. Ne5 Be7 12. Nxc6 bxc6 13. Rac1 O-O 14. Na4 Ne4 15. Rfd1
Qa5 16. Qb6 Qxb6 17. Nxb6 g5 18. f3 gxf4 19. fxe4 Bxe4 20. exf4 Rc7 21. Na4 Rb8 22.
Kf2 a5 23. Ke3 f6 24. Bd3 Bxd3 25. Kxd3 Bd6 26. g3 Kf7 27. Rc2 Ke7 28. Rdc1 Kd7 29.
b3 Rb4 30. Nc5+ Bxc5 31. Rxc5 a4 32. bxa4 Rxa4 33. R1c2 h5 34. R5c3 Ra6 35. Rb3 Rca7
36. Rbb2 Ra3+ 37. Ke2 R7a6 38. Kf2 h4 39. gxh4 Rh3 40. Kg2 Rxh4 41. Kg3 Rh8 42. Rb3
Rha8 43. h4 Ra4 44. h5 Rxd4 45. h6 Rg8+ 46. Kf3 e5 47. Rb7+ Kd6 48. fxe5+ Kxe5 49.
Rg7 Rh8 50. Rh2 Ra4 51. Rh5+ f5 52. h7 Ra3+ 53. Ke2 Rxa2+ 54. Kd3 Raa8 55. Rhg5 c5
56. Rf7 Ra3+ 57. Kd2 Ke4 58. Rfxf5 Ra2+ 59. Kc3 d4+ 60. Kb3 Rh2 61. Re5+ Kd3 62.
Rg3+ Kd2 63. Rxc5 Rb8+ 64. Kc4 Rxh7 65. Rd3+  1/2-1/2

[Event "38th Reykjavik op"]
[Site "Reykjavik ISL"]
[Date "2025.04.09"]
[Round "1.100"]
[White "Mannion, Stephen"]
[Black "Deepak Ambattu, Rithvik"]
[WhiteElo "2180"]
[BlackElo "1971"]
[Result "1-0"]
[EventDate "2025.04.09"]
[PlyCount "93"]

1. e4 c5 2. Nf3 d6 3. d4 cxd4 4. Nxd4 Nf6 5. Nc3 a6 6. f3 e5 7. Nb3 Be6 8. Be3 h5
9. Nd5 Bxd5 10. exd5 Nbd7 11. Qd2 g6 12. O-O-O Nb6 13. Kb1 Nfxd5 14. Bf2 Nf6 15.
Bh4 Be7 16. Bxf6 Bxf6 17. Qxd6 Qxd6 18. Rxd6 Nc8 19. Rxf6 Ke7 20. Bxa6 Kxf6 21. Bxb7
Rb8 22. Nc5 Rd8 23. a4 Nd6 24. Ba6 Rb6 25. Re1 Nf5 26. a5 Rxa6 27. Nxa6 Ra8 28. Nc5
Rxa5 29. b4 Rb5 30. c3 Nd6 31. Kc2 Kf5 32. Kb3 f6 33. c4 Rb8 34. Rd1 Nc8 35. Rd8
Kf4 36. Nd7 Ra8 37. Nxf6 Ke3 38. Ne4 Ke2 39. c5 Kf1 40. g4 Kg2 41. gxh5 gxh5 42.
Nd6 Nb6 43. Rxa8 Nxa8 44. b5 Nc7 45. b6 Na6 46. c6 Nc5+ 47. Kc4  1-0

[Event "38th Reykjavik op"]
[Site "Reykjavik ISL"]
[Date "2025.04.09"]
[Round "1.101"]
[White "Wiesebach, Wolfgang"]
[Black "Savidge, Daniel"]
[WhiteElo "1971"]
[BlackElo "2180"]
[Result "1/2-1/2"]
[EventDate "2025.04.09"]
[PlyCount "88"]

1. d4 e6 2. Bf4 f5 3. e3 Nf6 4. c3 g6 5. Nf3 Bg7 6. h3 d6 7. Be2 O-O 8. O-O Nc6 9.
a4 Qe7 10. Na3 e5 11. Bh2 Kh8 12. Qc2 Bd7 13. Rfd1 Be8 14. b3 a6 15. Qb2 Nh5 16.
b4 Nd8 17. Nc2 f4 18. exf4 Nxf4 19. Bxf4 Rxf4 20. Ne3 exd4 21. Nxd4 c6 22. g3 Rf8
23. Bf1 Bf7 24. Re1 Qd7 25. Rad1 Ne6 26. Nf3 Nc7 27. Bg2 Nd5 28. Nxd5 Bxd5 29. Nd4
Bxg2 30. Kxg2 Rae8 31. Qd2 Qf7 32. Rxe8 Qd5+ 33. Kg1 Rxe8 34. Qd3 Re4 35. f3 Re8
36. Kf2 Qa2+ 37. Rd2 Qxa4 38. f4 c5 39. bxc5 dxc5 40. Nf3 Qb3 41. Ng5 Qxc3 42. Nf7+
Kg8 43. Nh6+ Kh8 44. Nf7+ Kg8  1/2-1/2

[Event "38th Reykjavik op"]
[Site "Reykjavik ISL"]
[Date "2025.04.09"]
[Round "1.102"]
[White "Ornolfsson, Magnus P."]
[Black "Boleslav, Petr"]
[WhiteElo "2174"]
[BlackElo "1970"]
[Result "1-0"]
[EventDate "2025.04.09"]
[PlyCount "77"]

1. d4 Nf6 2. Nf3 g6 3. c4 Bg7 4. Nc3 O-O 5. e4 d6 6. Be2 e5 7. dxe5 dxe5 8. Qxd8
Rxd8 9. Bg5 Re8 10. Rd1 Nbd7 11. Nb5 Rf8 12. Nxc7 Rb8 13. Nd5 Re8 14. O-O h6 15.
Be3 b6 16. Nd2 Nc5 17. Nxf6+ Bxf6 18. b4 Na4 19. Rc1 Rd8 20. Nb3 Ba6 21. Bxh6 Be7
22. Bd2 Nb2 23. b5 Bb7 24. Bc3 Nd3 25. Bxd3 Rxd3 26. Bxe5 Re8 27. f3 a6 28. bxa6
Bxa6 29. Bc7 Rc8 30. Bxb6 Rxc4 31. Rxc4 Bxc4 32. Rc1 Be6 33. Bf2 Ba3 34. Rb1 Rc3
35. Rd1 Kf8 36. Bd4 Bxb3 37. axb3 Rc1 38. Rxc1 Bxc1 39. Bc5+  1-0

[Event "38th Reykjavik op"]
[Site "Reykjavik ISL"]
[Date "2025.04.09"]
[Round "1.103"]
[White "Johannsson, Markus Orri"]
[Black "Joel, Paul Ganta"]
[WhiteElo "1969"]
[BlackElo "2170"]
[Result "0-1"]
[EventDate "2025.04.09"]
[PlyCount "62"]

1. e4 c5 2. Nf3 d6 3. d4 cxd4 4. Nxd4 Nf6 5. Nc3 a6 6. a3 e5 7. Nf5 Bxf5 8. exf5
h6 9. Bc4 Be7 10. Be3 O-O 11. Nd5 Nbd7 12. O-O Rc8 13. Ba2 b5 14. Qe2 Nxd5 15. Bxd5
Nf6 16. Rfd1 Qd7 17. g4 Nxd5 18. Rxd5 Qc6 19. Rd2 d5 20. Rad1 Rfd8 21. c3 Rd7 22.
f4 exf4 23. Bxf4 Bc5+ 24. Kh1 Re7 25. Qf3 Re4 26. b4 Ba7 27. Rxd5 Rce8 28. R1d2 Qc4
29. Bg3 Re3 30. Qf4 R8e4 31. Qf2 Re1+  0-1

[Event "38th Reykjavik op"]
[Site "Reykjavik ISL"]
[Date "2025.04.09"]
[Round "1.104"]
[White "Harish, Neeraj"]
[Black "Estevez Sacristan, Deva"]
[WhiteElo "2169"]
[BlackElo "1958"]
[Result "1-0"]
[EventDate "2025.04.09"]
[PlyCount "77"]

1. c4 Nf6 2. g3 e6 3. Nf3 d5 4. Bg2 Be7 5. O-O O-O 6. b3 d4 7. Bb2 c5 8. e3 Nc6 9.
exd4 cxd4 10. Re1 Ne8 11. Ne5 Nxe5 12. Rxe5 Bf6 13. Re1 Nc7 14. d3 e5 15. Nd2 Rb8
16. b4 Re8 17. c5 Nd5 18. a3 Bf5 19. Nc4 Re6 20. Nd6 Rxd6 21. cxd6 Qxd6 22. Rc1 Ne7
23. h4 h6 24. Be4 Be6 25. Qa4 a6 26. Rc5 Nd5 27. Rec1 g5 28. h5 Bd8 29. Qd1 f5 30.
Bg2 g4 31. Qe2 Bf6 32. Bxd4 Re8 33. Bb2 Bf7 34. Rc8 Bxh5 35. Rxe8+ Bxe8 36. Re1 Qd7
37. Bxe5 Bg5 38. Ba1 Nf6 39. Bxf6  1-0

[Event "38th Reykjavik op"]
[Site "Reykjavik ISL"]
[Date "2025.04.09"]
[Round "1.105"]
[White "Doran, Chris"]
[Black "Agustsson, Hafsteinn"]
[WhiteElo "1957"]
[BlackElo "1784"]
[Result "1-0"]
[EventDate "2025.04.09"]
[PlyCount "73"]

1. e4 c5 2. Nf3 Nc6 3. d4 cxd4 4. Nxd4 Nf6 5. Nc3 e5 6. Ndb5 d6 7. Bg5 a6 8. Na3
b5 9. Bxf6 gxf6 10. Nd5 f5 11. c3 Bg7 12. exf5 Bxf5 13. Nc2 O-O 14. Nce3 Be6 15.
Bd3 f5 16. O-O Ne7 17. Nxe7+ Qxe7 18. Bxf5 Kh8 19. Qg4 Bxf5 20. Nxf5 Qd7 21. Qxg7+
Qxg7 22. Nxg7 Kxg7 23. Rad1 Rf6 24. f3 Raf8 25. Rfe1 Kf7 26. Re4 Rg8 27. Kf2 Ke6
28. c4 Rb8 29. b3 b4 30. Rd5 Rc8 31. Rh4 h6 32. Ra5 Rc6 33. Ke3 Rg6 34. g3 Rf6 35.
f4 Rg6 36. fxe5 dxe5 37. Rh5  1-0

[Event "38th Reykjavik op"]
[Site "Reykjavik ISL"]
[Date "2025.04.09"]
[Round "1.106"]
[White "Wahono, Richard"]
[Black "Juodziukynas, Aidas"]
[WhiteElo "1775"]
[BlackElo "1956"]
[Result "0-1"]
[EventDate "2025.04.09"]
[PlyCount "96"]

1. d4 Nf6 2. c4 e6 3. Nf3 d5 4. Nc3 Be7 5. cxd5 exd5 6. Bg5 Nbd7 7. e3 c6 8. Bd3
Ne4 9. Bxe7 Qxe7 10. Qc2 f5 11. O-O O-O 12. Rab1 b6 13. b4 Bb7 14. Rfe1 Kh8 15. a4
a5 16. bxa5 Nxc3 17. Qxc3 Rxa5 18. Rxb6 Ra7 19. Rb4 c5 20. dxc5 Nxc5 21. Bc2 Bc6
22. Nd4 Bd7 23. Ra1 h6 24. Rb6 Nxa4 25. Bxa4 Rxa4 26. Rxa4 Bxa4 27. Nf3 Kg8 28. Qd4
Qe4 29. Qb2 Rc8 30. Rb7 d4 31. Nxd4 Qxb7 32. Qa2+ Qf7 33. Qd2 Qc4 34. h3 Qc1+ 35.
Qxc1 Rxc1+ 36. Kh2 g6 37. Kg3 Kf7 38. Kf3 Kf6 39. g3 g5 40. g4 fxg4+ 41. Kxg4 Bd7+
42. Kg3 Rh1 43. Kg2 Rxh3 44. Nf3 g4 45. Nd2 Bc6+ 46. Kf1 Bf3 47. Ke1 Rh1+ 48. Nf1
Bg2  0-1

[Event "38th Reykjavik op"]
[Site "Reykjavik ISL"]
[Date "2025.04.09"]
[Round "1.107"]
[White "Schultze, Joerg-Martin"]
[Black "Buijs, Gerard"]
[WhiteElo "1956"]
[BlackElo "1774"]
[Result "0-1"]
[EventDate "2025.04.09"]
[PlyCount "80"]

1. d4 Nf6 2. c4 e6 3. Nc3 Bb4 4. f3 d6 5. e4 c5 6. d5 O-O 7. Ne2 Re8 8. Ng3 Nbd7
9. Be2 Nb6 10. a3 Bxc3+ 11. bxc3 Bd7 12. Bf4 Ba4 13. Qc1 Bb3 14. dxe6 Rxe6 15. O-O
Bxc4 16. Re1 Bxe2 17. Rxe2 Nc4 18. Qe1 Qe8 19. Bg5 Nd7 20. f4 f6 21. Bh4 Rc8 22.
Rd1 b5 23. Nf5 Nf8 24. Rd3 Ng6 25. Bg3 Rd8 26. h4 h5 27. Kf2 Ne7 28. Ne3 Rxe4 29.
Nxc4 Rxe2+ 30. Qxe2 bxc4 31. Re3 Rd7 32. Qxc4+ Qf7 33. Qb5 Nf5 34. Qb8+ Kh7 35. Re8
Re7 36. Rh8+ Kg6 37. Qb1 Qe6 38. Bh2 Qe3+ 39. Kf1 Qxc3 40. g4 Qf3+  0-1

[Event "38th Reykjavik op"]
[Site "Reykjavik ISL"]
[Date "2025.04.09"]
[Round "1.108"]
[White "Bloem, Milan"]
[Black "Alfaro Guillen, Jose Raul"]
[WhiteElo "1773"]
[BlackElo "1956"]
[Result "1/2-1/2"]
[EventDate "2025.04.09"]
[PlyCount "58"]

1. d4 Nf6 2. c4 c5 3. d5 e6 4. Nc3 exd5 5. cxd5 d6 6. e4 g6 7. f4 a6 8. e5 Nfd7 9.
Qe2 Qe7 10. e6 fxe6 11. Qxe6 Qxe6+ 12. dxe6 Nb6 13. Nf3 Bxe6 14. Bd3 Nc6 15. Ng5
Bg8 16. f5 h6 17. Ne6 Bxe6 18. fxe6 Ne5 19. Be4 O-O-O 20. Nd5 Nxd5 21. Bxd5 Nd3+
22. Kd2 Nf4 23. Bb3 d5 24. Re1 c4 25. e7 Bxe7 26. Rxe7 cxb3 27. g3 Nh3 28. axb3 Rhf8
29. Ra5 Rd7  1/2-1/2

[Event "38th Reykjavik op"]
[Site "Reykjavik ISL"]
[Date "2025.04.09"]
[Round "1.109"]
[White "Arndt, Uwe"]
[Black "Seum, Ferdinand"]
[WhiteElo "1956"]
[BlackElo "1772"]
[Result "0-1"]
[EventDate "2025.04.09"]
[PlyCount "54"]

1. d4 Nf6 2. c4 e6 3. Nf3 c5 4. g3 cxd4 5. Bg2 Nc6 6. Nxd4 d5 7. O-O Bc5 8. Nb3 Be7
9. cxd5 Nxd5 10. e4 Nf6 11. Bd2 O-O 12. Nc3 Qd3 13. Be3 Rd8 14. Nd5 Qa6 15. Nxe7+
Kf8 16. Nd5 exd5 17. Bc5+ Kg8 18. exd5 Nxd5 19. Qh5 Nf6 20. Qh4 Be6 21. Rfc1 Bd5
22. Bf1 Ne5 23. Nd4 Qa4 24. b4 b6 25. Be7 Ng6 26. Bb5 Qa3 27. Nc2 Qf3  0-1

[Event "38th Reykjavik op"]
[Site "Reykjavik ISL"]
[Date "2025.04.09"]
[Round "1.110"]
[White "De Winter, Eric"]
[Black "Haraldsson, Haraldur"]
[WhiteElo "1771"]
[BlackElo "1954"]
[Result "0-1"]
[EventDate "2025.04.09"]
[PlyCount "82"]

1. c4 Nf6 2. Nc3 e6 3. g3 d5 4. d4 b6 5. Bg2 Bb7 6. Nf3 Be7 7. O-O O-O 8. Ne5 a6
9. b3 Nbd7 10. Bb2 c5 11. e3 Rc8 12. Na4 b5 13. cxb5 axb5 14. Nc3 b4 15. Ne2 Nxe5
16. dxe5 Nd7 17. a3 Qb6 18. axb4 Qxb4 19. Nf4 Ra8 20. Nd3 Qb5 21. Rxa8 Rxa8 22. Nc1
Bd8 23. Kh1 Ba5 24. f4 g6 25. g4 Bc7 26. Rf2 Rf8 27. h3 Bc8 28. Qc2 Re8 29. f5 Bxe5
30. fxg6 fxg6 31. Bxe5 Nxe5 32. Qc3 Nd7 33. Nd3 c4 34. Nf4 Qxb3 35. Qd4 c3 36. Nxe6
Rxe6 37. Bxd5 Bb7 38. e4 Bxd5 39. exd5 Re5 40. Qf4 Qxd5+ 41. Kh2 Re7  0-1

[Event "38th Reykjavik op"]
[Site "Reykjavik ISL"]
[Date "2025.04.09"]
[Round "1.111"]
[White "Gayon, Benoit"]
[Black "Standal, Egil Arne"]
[WhiteElo "1953"]
[BlackElo "1766"]
[Result "1-0"]
[EventDate "2025.04.09"]
[PlyCount "87"]

1. e4 c6 2. d4 d5 3. e5 Bf5 4. h4 c5 5. g4 Bd7 6. c3 Nc6 7. Be3 Qb6 8. b3 e6 9. Nf3
h5 10. g5 cxd4 11. cxd4 Bb4+ 12. Nbd2 Nge7 13. Bh3 g6 14. Rc1 O-O 15. O-O Ba3 16.
Rc3 Nb4 17. Nb1 Bb2 18. Rc5 Bb5 19. Qd2 Bxf1 20. Bxf1 a6 21. Qxb2 Rfc8 22. a3 Nbc6
23. b4 Qa7 24. b5 Nd8 25. Rxc8 Nxc8 26. a4 axb5 27. axb5 Nb6 28. Qb4 Nc8 29. Bc1
Qa5 30. Ba3 Qxb4 31. Bxb4 Ra4 32. Bc3 Kf8 33. Bd3 Nb6 34. Bc2 Ra8 35. Nfd2 Rc8 36.
Bb3 Ke8 37. Ba5 Nc4 38. Nxc4 dxc4 39. Bc2 Ra8 40. Bb4 b6 41. Na3 Rc8 42. Be4 c3 43.
Bd6 Kd7 44. Kf1  1-0

[Event "38th Reykjavik op"]
[Site "Reykjavik ISL"]
[Date "2025.04.09"]
[Round "1.112"]
[White "Deelwater, Michael"]
[Black "Skjoldager, Nicklas"]
[WhiteElo "1766"]
[BlackElo "1953"]
[Result "0-1"]
[EventDate "2025.04.09"]
[PlyCount "152"]

1. e4 c5 2. c3 d5 3. exd5 Qxd5 4. d4 Nc6 5. Nf3 Bg4 6. Be2 cxd4 7. O-O e6 8. cxd4
Nf6 9. h3 Bf5 10. Nc3 Qa5 11. Nh4 Bb4 12. Nxf5 Qxf5 13. Qb3 O-O 14. Be3 Rac8 15.
Rad1 Rfd8 16. Bd3 Qa5 17. Ne4 Nd5 18. Ng5 g6 19. h4 Qc7 20. Bb1 Be7 21. h5 Na5 22.
Qd3 Nxe3 23. hxg6 Bxg5 24. gxh7+ Kh8 25. fxe3 Nc4 26. Rde1 f5 27. e4 Nd2 28. exf5
Nxf1 29. Rxf1 Qxh7 30. Qg3 Qh4 31. Qb3 Qxd4+ 32. Kh2 Kg7 33. g3 Rh8+ 34. Kg2 Qd5+
35. Rf3 Qxb3 36. Rxb3 b6 37. fxe6 Kf6 38. Rf3+ Kxe6 39. Bf5+ Ke5 40. Bb1 Rhf8 41.
Rb3 Rc5 42. g4 Rd8 43. Bf5 Rd2+ 44. Kf3 Rc1 45. Rb5+ Rd5 46. Rb4 Rf1+ 47. Ke2 Rxf5
48. gxf5 Kxf5 49. a4 Ke5 50. b3 Be7 51. Rc4 Bc5 52. Rg4 a5 53. Rh4 Rd4 54. Rh3 Kf4
55. Rf3+ Kg4 56. Rf6 Re4+ 57. Kd3 Rf4 58. Re6 Kf3 59. Re8 Rd4+ 60. Kc2 Re4 61. Rf8+
Ke3 62. Rd8 Bb4 63. Rd3+ Ke2 64. Rd7 Re6 65. Rc7 Re5 66. Rd7 Rc5+ 67. Kb1 Rc3 68.
Kb2 Rd3 69. Rc7 Rd2+ 70. Kb1 Rd3 71. Rc2+ Kd1 72. Rc6 Bc5 73. Kb2 Bd4+ 74. Ka2 Rd2+
75. Kb1 Rb2+ 76. Ka1 Rc2+  0-1

[Event "38th Reykjavik op"]
[Site "Reykjavik ISL"]
[Date "2025.04.09"]
[Round "1.113"]
[White "Piacquadio, Riccardo Daniele"]
[Black "Naga, Laxmi Seelam"]
[WhiteElo "1952"]
[BlackElo "1764"]
[Result "1/2-1/2"]
[EventDate "2025.04.09"]
[PlyCount "74"]

1. e4 e5 2. Nf3 Nc6 3. Bb5 a6 4. Ba4 Nf6 5. O-O d6 6. Re1 Be7 7. c3 O-O 8. h3 Re8
9. d4 b5 10. Bb3 exd4 11. cxd4 h6 12. d5 Ne5 13. Nxe5 dxe5 14. Qc2 Bd6 15. Be3 Bb7
16. a4 Rc8 17. axb5 axb5 18. Ra7 Ba8 19. f3 Re7 20. Nc3 b4 21. Na4 c5 22. Rxe7 Qxe7
23. Bc4 Nd7 24. b3 Rc7 25. Rc1 Bb7 26. Qf2 Bc8 27. Bb5 Qf6 28. Nxc5 Nxc5 29. Bxc5
Bxh3 30. Be3 Rxc1+ 31. Bxc1 Qg6 32. Bf1 Bd7 33. Qa7 Bc8 34. Qa8 Bc5+ 35. Kh2 Qh5+
36. Kg3 Qg6+ 37. Kh2 Qh5+  1/2-1/2

[Event "38th Reykjavik op"]
[Site "Reykjavik ISL"]
[Date "2025.04.09"]
[Round "1.114"]
[White "Pearce, Tim"]
[Black "Gudnyjarson, Sigurdur Pall"]
[WhiteElo "1762"]
[BlackElo "1951"]
[Result "0-1"]
[EventDate "2025.04.09"]
[PlyCount "70"]

1. d4 d5 2. c4 e6 3. Nc3 Nf6 4. cxd5 exd5 5. Bg5 c6 6. e3 Bd6 7. Bd3 O-O 8. Qc2 h6
9. Bh4 Re8 10. Nge2 a5 11. O-O Bxh2+ 12. Kh1 Bd6 13. Rac1 Na6 14. a3 Nc7 15. Kg1
Ne6 16. f3 Ng5 17. e4 Nfxe4 18. fxe4 Nh3+ 19. gxh3 Qxh4 20. e5 Rxe5 21. dxe5 Bc5+
22. Nd4 Bxd4+ 23. Kh1 Qxh3+ 24. Qh2 Qxd3 25. Rcd1 Qh3 26. Qxh3 Bxh3 27. Rfe1 Ba7
28. Kh2 Bg4 29. Rd2 Re8 30. Kg3 h5 31. Na4 b5 32. Nc3 Bb8 33. Nxd5 Rxe5 34. Rxe5
Bxe5+ 35. Nf4 g5  0-1

[Event "38th Reykjavik op"]
[Site "Reykjavik ISL"]
[Date "2025.04.09"]
[Round "1.115"]
[White "Heppert, Lars"]
[Black "Opasiak, Dustin Tennessee"]
[WhiteElo "1949"]
[BlackElo "1761"]
[Result "1-0"]
[EventDate "2025.04.09"]
[PlyCount "81"]

1. c4 e5 2. Nc3 Bb4 3. Nd5 Be7 4. d3 Nc6 5. g3 Nf6 6. Nf3 d6 7. Bg2 O-O 8. O-O h6
9. h3 Bf5 10. e4 Be6 11. Be3 Qd7 12. Kh2 Kh8 13. Rb1 a5 14. b3 Ng8 15. d4 f5 16.
Nxe7 Ncxe7 17. dxe5 fxe4 18. Nd2 d5 19. cxd5 Nxd5 20. Bc5 Nc3 21. Qc2 Nxb1 22. Nxe4
Rf5 23. Qxb1 b6 24. Rd1 Qb5 25. Bd4 Rc8 26. f4 Ne7 27. Be3 Nd5 28. Rxd5 Qxd5 29.
Nc5 Qxg2+ 30. Kxg2 bxc5 31. g4 Rf7 32. f5 Bd5+ 33. Kg3 c6 34. Bxc5 Rb7 35. f6 Re8
36. Qg6 Re6 37. Bf8 gxf6 38. exf6 Re3+ 39. Kh4 Bg2 40. Bg7+ Kg8 41. Bxh6+  1-0

[Event "38th Reykjavik op"]
[Site "Reykjavik ISL"]
[Date "2025.04.09"]
[Round "1.116"]
[White "Hofland, Jeffrey"]
[Black "Schreidl, Michael"]
[WhiteElo "1761"]
[BlackElo "1949"]
[Result "0-1"]
[EventDate "2025.04.09"]
[PlyCount "90"]

1. e4 c6 2. d4 d5 3. Nd2 dxe4 4. Nxe4 Nf6 5. Ng3 g6 6. Nf3 Bg7 7. Be2 Qc7 8. c3 Nbd7
9. O-O O-O 10. Be3 Nb6 11. Ne5 Nfd5 12. Nc4 e5 13. Qd2 Nxc4 14. Bxc4 Be6 15. Bb3
Rad8 16. Bh6 Nf4 17. Bxg7 Kxg7 18. Ne4 exd4 19. cxd4 Bd5 20. Bxd5 Rxd5 21. Rac1 Rfd8
22. Rfe1 Rxd4 23. Qc3 f6 24. g3 Nd3 25. Rcd1 Nxe1 26. Rxd4 Rxd4 27. Nxf6 Qe5 28.
Ng4 Qe4 29. Ne3 Nf3+ 30. Kf1 Qd3+ 31. Kg2 Qe4 32. Kf1 Nxh2+ 33. Kg1 Nf3+ 34. Kf1
Ne5 35. Kg1 Qd3 36. Qc5 Qb1+ 37. Kg2 Qe4+ 38. Kg1 Nf3+ 39. Kf1 Rd7 40. Qc3+ Qd4 41.
Qc1 Re7 42. Kg2 Rxe3 43. Qxe3 Qxe3 44. fxe3 Ne5 45. e4 Kf6  0-1

[Event "38th Reykjavik op"]
[Site "Reykjavik ISL"]
[Date "2025.04.09"]
[Round "1.117"]
[White "Abramov, Artem"]
[Black "Donath, Simon"]
[WhiteElo "1948"]
[BlackElo "1761"]
[Result "0-1"]
[EventDate "2025.04.09"]
[PlyCount "40"]

1. e4 c6 2. d4 d5 3. Nc3 dxe4 4. Nxe4 Bf5 5. Ng3 Bg6 6. Nh3 e6 7. Nf4 Nd7 8. h4 Ne7
9. h5 Bf5 10. c3 h6 11. Nxf5 Nxf5 12. Bd3 Bd6 13. Qe2 Qf6 14. Qe4 O-O-O 15. Bd2 Ne7
16. O-O-O e5 17. Ne2 Rhe8 18. g4 exd4 19. Qxd4 Bc5 20. Qc4 Ne5  0-1

[Event "38th Reykjavik op"]
[Site "Reykjavik ISL"]
[Date "2025.04.09"]
[Round "1.118"]
[White "Moseley, Alan"]
[Black "Lenz, Joshua"]
[WhiteElo "1760"]
[BlackElo "1944"]
[Result "0-1"]
[EventDate "2025.04.09"]
[PlyCount "65"]

1. d4 d5 2. c4 e5 3. dxe5 Ne7 4. cxd5 Qxd5 5. Qxd5 Nxd5 6. a3 Nc6 7. e4 Nb6 8. Nf3
h6 9. Nc3 Bd7 10. Be3 O-O-O 11. O-O-O g5 12. Bb5 Bg7 13. Bxc6 Bxc6 14. Nd4 Bxe5 15.
Nxc6 bxc6 16. g3 Kb7 17. Kc2 Nc4 18. Bc1 f6 19. b3 Nd6 20. Rde1 Bxc3 21. Kxc3 Rhe8
22. f3 Nb5+ 23. Kb2 Rd3 24. Be3 Red8 25. f4 Re8 26. e5 fxe5 27. fxg5 hxg5 28. Bxg5
Nd4 29. Re3 Rd2+ 30. Kb1 Rf2 31. h4 Nf5 32. Rc3 e4 33. a4  0-1

[Event "38th Reykjavik op"]
[Site "Reykjavik ISL"]
[Date "2025.04.09"]
[Round "1.119"]
[White "Soderberg, Kevin"]
[Black "Karlinder, Lovis Neo"]
[WhiteElo "1944"]
[BlackElo "1755"]
[Result "1-0"]
[EventDate "2025.04.09"]
[PlyCount "125"]

1. Nf3 d5 2. b3 Nf6 3. Bb2 Bf5 4. g3 e6 5. Bg2 h6 6. O-O Be7 7. d3 O-O 8. Nbd2 Bh7
9. Ne5 Nbd7 10. Ndf3 Nxe5 11. Nxe5 Nd7 12. c4 Nxe5 13. Bxe5 c6 14. Bh3 Bf6 15. Bxf6
Qxf6 16. Qc2 Bf5 17. Bg2 Rac8 18. c5 b6 19. Rab1 Qe7 20. Rfc1 Rc7 21. b4 Rb8 22.
Rb3 bxc5 23. Qxc5 Qxc5 24. Rxc5 Rb5 25. e4 Bg4 26. exd5 Rxc5 27. bxc5 exd5 28. d4
Kf8 29. f3 Bf5 30. g4 Bc2 31. Rb8+ Ke7 32. Bf1 Ba4 33. Ba6 Rd7 34. Rb4 Bc2 35. Kf2
Kd8 36. Rb8+ Ke7 37. Rc8 Ba4 38. Rb8 f6 39. Rb4 Bc2 40. Ke3 Bg6 41. a4 Rc7 42. a5
f5 43. gxf5 Bxf5 44. Kf4 Kf6 45. Rb8 g5+ 46. Kg3 h5 47. Bb7 Ke7 48. a6 Kd7 49. Ra8
Bd3 50. Rg8 g4 51. fxg4 hxg4 52. Kxg4 Ke6 53. Rh8 Kf6 54. Rf8+ Kg6 55. Rd8 Bb5 56.
Rd6+ Kh7 57. Kf5 Rf7+ 58. Rf6 Rg7 59. Ke5 Rg4 60. Bxc6 Bxa6 61. Bxd5 Bd3 62. Rf7+
Rg7 63. Be4+  1-0

[Event "38th Reykjavik op"]
[Site "Reykjavik ISL"]
[Date "2025.04.09"]
[Round "1.120"]
[White "Urbaniak, Andreas"]
[Black "De Kaey, Pascal"]
[WhiteElo "1754"]
[BlackElo "1944"]
[Result "0-1"]
[EventDate "2025.04.09"]
[PlyCount "52"]

1. f4 d5 2. Nf3 c5 3. e3 Nc6 4. d4 Nf6 5. Nbd2 Bf5 6. c3 e6 7. h3 h5 8. Bb5 Rc8 9.
Qa4 Bd6 10. Ne5 Bxe5 11. fxe5 Ne4 12. Nxe4 Bxe4 13. O-O O-O 14. Be2 Qg5 15. Bf3 f5
16. Bxe4 fxe4 17. Bd2 Rf3 18. Kh1 Qh4 19. Rae1 Rcf8 20. Qd1 R8f5 21. Qe2 Rxh3+ 22.
gxh3 Qxh3+ 23. Qh2 Rxf1+ 24. Rxf1 Qxf1+ 25. Qg1 Qxg1+ 26. Kxg1 g5  0-1

[Event "38th Reykjavik op"]
[Site "Reykjavik ISL"]
[Date "2025.04.09"]
[Round "1.121"]
[White "Schoffelmeer, Jetse"]
[Black "Jacobs, Simon"]
[WhiteElo "1939"]
[BlackElo "1754"]
[Result "1/2-1/2"]
[EventDate "2025.04.09"]
[PlyCount "129"]

1. d4 d5 2. Bf4 Nf6 3. Nf3 c5 4. e3 Nc6 5. Nbd2 cxd4 6. exd4 Bf5 7. c3 e6 8. Qa4
a6 9. Ne5 Qc8 10. Ndf3 Nd7 11. Nxc6 Qxc6 12. Qxc6 bxc6 13. Be2 Be7 14. O-O O-O 15.
Rfe1 Rfc8 16. Bd1 c5 17. Bb3 c4 18. Bd1 Ra7 19. b3 cxb3 20. Bxb3 Nb6 21. Bd2 Nc4
22. Bxc4 Rxc4 23. Ne5 Rc8 24. g4 Bc2 25. Rec1 Ba4 26. Rcb1 f6 27. Nf3 Bd8 28. Rb4
Bc2 29. Ne1 Bg6 30. a4 Ba5 31. Rb3 Rac7 32. Raa3 Kf7 33. Kf1 h5 34. gxh5 Bxh5 35.
Nd3 Bd1 36. Rb2 Bxc3 37. Bxc3 Rxc3 38. Rxc3 Rxc3 39. Nc5 e5 40. Rb7+ Kg6 41. Ne6
Bxa4 42. Rxg7+ Kf5 43. Nc7 Bb5+ 44. Ke1 exd4 45. Nxd5 Rc5 46. Ne7+ Ke4 47. Rg3 Rg5
48. Rh3 Bd7 49. Ra3 Bb5 50. Nc8 d3 51. Nd6+ Kd4 52. Nxb5+ axb5 53. Kd2 Ke4 54. Rxd3
Rd5 55. f3+ Ke5 56. f4+ Ke4 57. Rxd5 Kxd5 58. h4 Ke6 59. Kc3 Kf7 60. Kb4 Kg6 61.
Kxb5 Kh5 62. Kc6 Kxh4 63. Kd5 Kg3 64. Ke6 Kxf4 65. Kxf6  1/2-1/2

[Event "38th Reykjavik op"]
[Site "Reykjavik ISL"]
[Date "2025.04.09"]
[Round "1.122"]
[White "Winter, Kevin"]
[Black "Benavente, Christian"]
[WhiteElo "1751"]
[BlackElo "1938"]
[Result "0-1"]
[EventDate "2025.04.09"]
[PlyCount "108"]

1. e4 c6 2. d4 d5 3. e5 c5 4. dxc5 e6 5. Nf3 Bxc5 6. a3 Nc6 7. Bd3 Nge7 8. O-O Ng6
9. b4 Bb6 10. Bb2 f6 11. exf6 gxf6 12. Ng5 Qe7 13. Qh5 O-O 14. Nxh7 Qxh7 15. Qxg6+
Qxg6 16. Bxg6 e5 17. Nd2 Be6 18. Nb3 Rac8 19. Rac1 Ne7 20. Bh5 Rc7 21. Be2 Rfc8 22.
Na1 Kg7 23. g3 Bf5 24. Bd1 Be4 25. Re1 a5 26. c4 Rxc4 27. Rxc4 Rxc4 28. Bb3 Rc8 29.
Rc1 axb4 30. axb4 Rd8 31. Nc2 d4 32. Na3 d3 33. Rd1 Bf3 34. Rd2 e4 35. Nc4 Ba7 36.
Ne3 Bd4 37. Bxd4 Rxd4 38. Bc4 b5 39. Bb3 Rxb4 40. Bd1 Rb1 41. g4 Kg6 42. h3 f5 43.
Kh2 Bxd1 44. Nxd1 f4 45. Nc3 Re1 46. Rb2 e3 47. fxe3 fxe3 48. Rxb5 Rc1 49. Rb6+ Kf7
50. Ne4 e2 51. Ng5+ Ke8 52. Nf3 d2 53. Rb8+ Rc8 54. Rb1 d1=Q  0-1